Countries In Between Quiz Stats

Quiz not verified by Sporcle

Challenge
Share
Tweet
Embed
Score 0/27 Timer 04:00
0 Plays Today
Country % Correct
United States of America
92.1%
Sweden
85.7%
Andorra
83.8%
Panama
81.9%
Yemen
77.7%
Costa Rica
76.2%
Nepal
75.8%
Uruguay
74.3%
Liechtenstein
73.2%
Mongolia
70.9%
Nicaragua
70.6%
Swaziland
70.6%
Bhutan
67.5%
El Salvador
66.4%
Country % Correct
Belize
64.9%
Estonia
63.8%
Tunisia
63%
Ecuador
61.9%
United Arab Emirates
61.9%
Kuwait
60.8%
Moldova
55.8%
Lebanon
55.8%
Netherlands
54%
Bangladesh
49.8%
Guinea-Bissau
42.6%
Equatorial Guinea
40.8%
Sierra Leone
34.3%

You're not logged in!

Compare scores with friends on all Sporcle quizzes.
Sign Up with Email
OR
Log In

You Might Also Like...

Show Comments

Extras

Top Quizzes Today


Score Distribution

Your Account Isn't Verified!

In order to create a playlist on Sporcle, you need to verify the email address you used during registration. Go to your Sporcle Settings to finish the process.